| 000 | 00362nam a2200157Ia 4500 | ||
|---|---|---|---|
| 008 | 230917s9999||||xx |||||||||||||| ||und|| | ||
| 020 | _cRS165 | ||
| 040 |
_e24613 _aMAIN |
||
| 041 | _aEnglish | ||
| 082 | _a823.08 J776C | ||
| 100 | _aJoshi, Arun | ||
| 245 | 0 | _aCity and the river | |
| 260 |
_aNew Delhi _bVision Books _c1990 |
||
| 300 | _a263 p. | ||
| 942 | _cBK | ||
| 999 |
_c67593 _d67593 |
||